01555nam a2200253 i 4500001000700000003000700007005001700014008004100031080001900072080001200091100004600103245044000149246005200589260005800641300002800699490015800727500001500885600007200900650003100972700004701003710003801050830015801088852005501246189916SpMaBN20251009164639.0191226s1984 sp b |||| | spa d a017.11(460.15) a016:0911 aGonzález Echegaray, Carlos, d1921-201310aCatálogo de los manuscritos reunidos por el príncipe Luis-Luciano Bonaparte que se hallan en el País Vasco, con un índice de nombres de personas, lugares, lenguas y dialectos, y un catálogo de publicaciones hechas por el mismo de algunos de los manuscritos, o referentes a ellos, que se hallan en las principales bibliotecas del País Vasco / cpor Carlos González Echegaray ; [prólogo por José Antonio Arana Martija].34aCatálogo de los manuscritos de L.L. Bonaparte a[Bilbao : bReal Academia de la Lengua Vasca, c1984] aP. 25-184 p. ; c24 cm.1 aEuskera: Euskaltzaindiaren Ian eta agiriak = Trabajos y actas de la Real Academia de la Lengua Vasca = Travaux et actes de l'Academie de la Langue Basque aÍndices.17aBonaparte, Louis-Lucien, d1813-1891- xBiblioteca- vCatálogos2 7aManuscritos-vCatálogos.1 aArana Martija, José Antonio, d1931-20112 aReal Academia de la Lengua Vasca.0 aEuskera: Euskaltzaindiaren Ian eta agiriak = Trabajos y actas de la Real Academia de la Lengua Vasca = Travaux et actes de l'Academie de la Langue Basque aES-MaACLjL-32499 z. - Donat. Viuda Antonio Tovar